|
|
|
|
| LEADER |
00000nab a2200000 a 4500 |
| 001 |
vtls008856342 |
| 003 |
SK-MaSNL |
| 005 |
20260304210651.0 |
| 008 |
250505c2006 xo |||||||||||000 b|slo |
| 015 |
|
|
|a SNBRB2006/10
|2 snkbucl
|
| 035 |
|
|
|a (uuid)00ab8bf6-9bc5-4acc-a1d2-de8010a3bc55
|
| 035 |
|
|
|a urn:nbn:sk:snk-ab1f0y
|
| 035 |
|
|
|a (urnnbn)urn:nbn:sk:snk:ar-0034g3
|
| 038 |
|
|
|a SNKBUCL
|
| 040 |
|
|
|a SNKBUCL
|b slo
|c SNKBUCL
|e AACR2
|
| 041 |
0 |
|
|a slo
|
| 044 |
|
|
|a xo
|c SK
|
| 080 |
|
|
|a 004.42:004.438Java:004.65
|2 2001
|
| 080 |
|
|
|a 004.55:004.439
|2 2001
|
| 080 |
|
|
|a 004.438Java
|2 2001
|
| 080 |
|
|
|a 004.65
|2 2001
|
| 100 |
1 |
|
|a Chu, Andrej
|4 aut
|9 1116652
|
| 245 |
1 |
0 |
|a Java 2 EE
|b príkazy a návratové súpravy JDBC
|c Andrej Chu
|
| 300 |
|
|
|b Tab.
|
| 500 |
|
|
|a Pokračovanie
|
| 650 |
0 |
7 |
|a programovacie jazyky
|2 snkbucl
|9 1838
|
| 650 |
0 |
7 |
|a programovanie
|2 snkbucl
|9 22041
|
| 650 |
0 |
7 |
|a JDBC (rozhranie)
|2 snkbucl
|9 1541999
|
| 650 |
0 |
7 |
|a databázy
|2 snkbucl
|9 885
|
| 650 |
0 |
7 |
|a aplikačné programové rozhrania
|2 snkbucl
|9 1475687
|
| 650 |
0 |
7 |
|a Java 2 Enterprise Edition
|2 snkbucl
|9 70467
|
| 773 |
0 |
|
|t Infoware
|g Č. 6 (2006), s. 56-57
|x 1335-4787
|
| 850 |
|
|
|a Slovenská národná knižnica
|
| 852 |
|
|
|a Slovenská národná knižnica
|
| 954 |
|
|
|a odborná, vedecká literatúra pôvodná (slovenská)
|2 lita
|
| 958 |
|
|
|a article2022
|
| 958 |
|
|
|a OND
|
| 958 |
|
|
|a EUIPO
|
| 999 |
|
|
|c 3127086
|d 3129016
|